Dopasuj główny język do państwa. - Statystyki

Ogólne statystyki
  • Ten quiz został rozwiązany 36 razy
    16 od ostatniego zresetowania
  • Średni wynik to 16 z 19
Statystyki odpowiedzi
Państwo Język % Poprawnych
Stany Zjednoczone angielski
92%
Kanada angielski/francuzki
92%
Chiny chiński
92%
Dania duński
92%
Indie hindi/angielski
92%
Hiszpania hiszpański
92%
Peru hiszpański/keczua
92%
Mongolia mongolski
92%
Austria niemiecki
92%
Niemcy niemiecki
92%
Polska polski
92%
Portugalia portugalski
92%
Brazylia portugalski
92%
Rosja rosyjski
92%
Ukraina ukraiński
92%
Włochy włoski
92%
Egipt arabski
75%
Algieria arabski/berberyjski
75%
Afganistan dari/paszto
8%
Nie znaleziono quizów pasujących do podanych kryteriów
Rozkład punktacji
Procent ludzi z każdym wynikiem
Percentyl według liczby udzielonych odpowiedzi
Twoja historia wyników
Nie rozwiązałeś tego quizu od ostatniego zresetowania